<?xml version="1.0" encoding="UTF-8"?>
<collection xmlns="http://www.loc.gov/MARC21/slim">
    <record>
        <controlfield tag="001">65601</controlfield>
        <controlfield tag="005">20180622111520.0</controlfield>
        <datafield tag="024" ind1="8" ind2=" ">
            <subfield code="2">sideral</subfield>
            <subfield code="a">86234</subfield>
        </datafield>
        <datafield tag="037" ind1=" " ind2=" ">
            <subfield code="a">ART-2013-86234</subfield>
        </datafield>
        <datafield tag="041" ind1=" " ind2=" ">
            <subfield code="a">spa</subfield>
        </datafield>
        <datafield tag="100" ind1=" " ind2=" ">
            <subfield code="a">Sanz, Tomás</subfield>
        </datafield>
        <datafield tag="245" ind1=" " ind2=" ">
            <subfield code="a">Estratigrafía y petrología de la región volcánica del Bajo Ebro (Tarragona): etapas, edad y posible foco del magmatismo</subfield>
        </datafield>
        <datafield tag="260" ind1=" " ind2=" ">
            <subfield code="c">2013</subfield>
        </datafield>
        <datafield tag="506" ind1="0" ind2=" ">
            <subfield code="a">Access copy available to the general public</subfield>
            <subfield code="f">Unrestricted</subfield>
        </datafield>
        <datafield tag="520" ind1="3" ind2=" ">
            <subfield code="a">El estudio estratigráfico y petrológico del conjunto de afloramientos basálticos de la región del Baix Ebre (Tarragona), permite confirmar un vulcanismo alcalino pluriepisódico acontecido durante el Triásico Superior. Pueden distinguirse dos etapas principales en función del estilo eruptivo predominante: una inicial hidromagmática, emplazada en el Keuper basal, y otra estromboliana que llega al techo del Keuper, por debajo de la Fm. Dolomías de Imón (Retiense). En esta última etapa los materiales masivos, emplazados en forma de sills, transportan xenolitos mantélicos, más abundantes en el sector occidental. En Prat de Compte es donde se da la mayor abundancia modal de xenolitos, y con diámetro máximo, siendo tal vez el lugar más próximo al foco magmático principal.   


The stratigraphic and petrological study of basaltic outcrops in the Baix Ebre volcanic region (Tarragona, Spain) indicates the development of a pluriepisodic alkaline volcanism during the Late Triassic. Two magmatic stages can be recognised based on the main eruptive style: an initial hidromagmatic stage emplaced within the basal Keuper and a strombolian stage emplaced into the upper Keuper, always below the Imón Fm. (Rhaetian). In this last stage massive igneous bodies (sills) carried xenoliths, which are more abundant in the western part of the studied sector.We thimk that the magmatic centre was probably situated close to Prat de Compte, given that in this area there is a greater modal abundance of xenoliths, showing the maximum diameter.</subfield>
        </datafield>
        <datafield tag="540" ind1=" " ind2=" ">
            <subfield code="9">info:eu-repo/semantics/openAccess</subfield>
            <subfield code="a">by</subfield>
            <subfield code="u">http://creativecommons.org/licenses/by/3.0/es/</subfield>
        </datafield>
        <datafield tag="655" ind1=" " ind2="4">
            <subfield code="a">info:eu-repo/semantics/article</subfield>
            <subfield code="v">info:eu-repo/semantics/publishedVersion</subfield>
        </datafield>
        <datafield tag="700" ind1=" " ind2=" ">
            <subfield code="0">(orcid)0000-0002-3609-7380</subfield>
            <subfield code="a">Lago, Marceliano</subfield>
            <subfield code="u">Universidad de Zaragoza</subfield>
        </datafield>
        <datafield tag="700" ind1=" " ind2=" ">
            <subfield code="a">Gil-Imaz, Andrés</subfield>
        </datafield>
        <datafield tag="700" ind1=" " ind2=" ">
            <subfield code="0">(orcid)0000-0002-2745-0357</subfield>
            <subfield code="a">Galé, Carlos</subfield>
            <subfield code="u">Universidad de Zaragoza</subfield>
        </datafield>
        <datafield tag="700" ind1=" " ind2=" ">
            <subfield code="a">Ubide, Teresa</subfield>
        </datafield>
        <datafield tag="700" ind1=" " ind2=" ">
            <subfield code="a">Larrea, Patricia</subfield>
        </datafield>
        <datafield tag="700" ind1=" " ind2=" ">
            <subfield code="a">Ramajo, Javier</subfield>
        </datafield>
        <datafield tag="700" ind1=" " ind2=" ">
            <subfield code="a">Tierz, Pablo</subfield>
        </datafield>
        <datafield tag="700" ind1=" " ind2=" ">
            <subfield code="a">Pocoví, Andrés</subfield>
        </datafield>
        <datafield tag="710" ind1="2" ind2=" ">
            <subfield code="1">2000</subfield>
            <subfield code="2">685</subfield>
            <subfield code="a">Universidad de Zaragoza</subfield>
            <subfield code="b">Departamento de Ciencias de la Tierra</subfield>
            <subfield code="c">Petrología y Geoquímica</subfield>
        </datafield>
        <datafield tag="773" ind1=" " ind2=" ">
            <subfield code="g">52 (2013), 33-36</subfield>
            <subfield code="p">Geogaceta</subfield>
            <subfield code="t">Geogaceta</subfield>
            <subfield code="x">0213-683X</subfield>
        </datafield>
        <datafield tag="856" ind1="4" ind2=" ">
            <subfield code="s">284503</subfield>
            <subfield code="u">http://zaguan.unizar.es/record/65601/files/texto_completo.pdf</subfield>
            <subfield code="y">Versión publicada</subfield>
        </datafield>
        <datafield tag="856" ind1="4" ind2=" ">
            <subfield code="s">8683</subfield>
            <subfield code="u">http://zaguan.unizar.es/record/65601/files/texto_completo.jpg?subformat=icon</subfield>
            <subfield code="x">icon</subfield>
            <subfield code="y">Versión publicada</subfield>
        </datafield>
        <datafield tag="909" ind1="C" ind2="O">
            <subfield code="o">oai:zaguan.unizar.es:65601</subfield>
            <subfield code="p">articulos</subfield>
            <subfield code="p">driver</subfield>
        </datafield>
        <datafield tag="951" ind1=" " ind2=" ">
            <subfield code="a">2018-06-22-11:09:00</subfield>
        </datafield>
        <datafield tag="980" ind1=" " ind2=" ">
            <subfield code="a">ARTICLE</subfield>
        </datafield>
    </record>

    
</collection>